000 005030000a22001570004500
020 _a0803857802
082 _a070.49 SCH
100 _aSchuneman, RSmith
245 _aPhotographic communication : principles, problems and challenges of photojurnalism
260 _aLondon, Focal press
260 _c1972
300 _a379
490 _aVisual communication books
650 _aPhotography - journalistic - addressess, essays, lectures/ photographic communication/ photojournalism
942 _cBK
999 _c357050
_d357050